000 00936nam a2200265Ia 4500
003 OSt
005 20221005113531.0
006 a|||||r|||| 00| 0
007 ta
008 221004b |||||||| |||| 00| 0 pan d
020 _a9789387629516 (hbk)
_cINR 200.00
024 _a44983
037 _b1068, 22/02/2019, H.K. Prakashan
_cTextual
040 _aCRL
_cCRL
_bpan
041 _2pan
_apan
082 _aO153,3NSIx, Q8
100 _aਸਿੰਘ, ਮੁ॥ਤਿਆਰ
245 0 _aਚੜ੍ਹਦੇ ਸੂਰਜ ਦੀ ਲਾਲੀ
260 _aਲੁਧਿਆਨਾ
_bਚੇਤਨਾ ਪ੍ਰਕਾFਨ ਭਾਰਤ
_c2018
300 _a127ਪ੍ਰ0
_ccm.
650 _a ਪੰਜਾਬੀ ਕਹਾਣੀ
650 _aਪੰਜਾਬੀ ਸਾਹਿਤ
942 _hO153,3NSIx, Q8
_cTEXL
_2cc
999 _c1028500
_d1028500